000 00416cam a2200157ua 4500
041 _aeng
_h
082 _a621.02
_bKUT/ME
100 _aKutz, Myer .
245 0 0 _aMechnical engineer`s hand book : Manufacturing and management /
_cMyer Kutz.
_hTextual Documents
260 _aLondon :
_bJohn Wiley & Sons ,
_c2006.
300 _a824 ; .
500 _aBook- 3
504 _a
942 _cBK
999 _c13358
_d13358